000 00553nam a2200181Ia 4500
005 20250508163127.0
008 008 250505s9999 xx 000 0 eng d
037 _aTextual
040 _aFEDL
_beng
_cFEDL
041 _aeng
_2eng
084 _a371.97, AIK
_qFEDL
100 _aAikara Jacob
245 0 _aScheduled castes and higher education : A study of college students in Bombay
260 _aPune, India
_bDastane Ramchandra and Company
_c1980
300 _avii,112p
942 _cTEXL
_h371.97, AIK
999 _c1381007
_d1381007